Sports Quiz

Random Sports or Baseball Quiz

MLB Pitchers: Least Hits Per 9 Innings Quiz Stats

 Plays Quiz not verified by Sporcle

Score 0/50 Timer 15:00
0 Plays Today
Main Team (s) Pitcher % Correct
Mets/Angels/Astros/Rangers+Nolan Ryan
98.2%
Dodgers+Sandy Koufax
97.2%
Yankees*Mariano Rivera
83.5%
Mets/Reds+Tom Seaver
80.7%
Expos/Mariners/Astros/DiamondbacksRandy Johnson
78%
Padres/Brewers*Trevor Hoffman
73.4%
Expos/Red Sox/MetsPedro Martinez
73.4%
Red Sox/Blue Jays/Astros/YankeesRoger Clemens
72.5%
Cardinals+Bob Gibson
67%
Cubs/Indians/Yankees*Kerry Wood
65.1%
Twins/Mets*Johan Santana
61.5%
Orioles+Jim Palmer
58.7%
AstrosJR Richard
56.9%
Padres/White Sox*Jake Peavy
54.1%
Giants*Matt Cain
51.4%
Cubs*Carlos Zambrano
51.4%
Mets/Yankees/Blue Jays/RoyalsDavid Cone
50.5%
White Sox/Yankees/Padres+Rich Gossage
44%
A's/Yankees+Catfish Hunter
44%
Cubs/Cardinals+Bruce Sutter
41.3%
A's/Padres/Brewers+Rollie Fingers
41.3%
MetsSid Fernendez
40.4%
IndiansSam McDowell
40.4%
White Sox/Giants/Orioles+Hoyt Wilhelm
37.6%
Giants/CardinalsSam Jones
33%
Main Team (s) Pitcher % Correct
MetsJesse Orosco
31.2%
RedsMario Soto
29.4%
Mets/PhilliesTug McGraw
28.4%
AstrosDon Wilson
27.5%
Dodgers/IndiansStan Wilson
27.5%
Dodgers/Rangers/MarlinsCharlie Hough
22.9%
Angels/DodgersAndy Messersmith
22%
Angels/TwinsDean Chance
22%
RedsJim Maloney
21.1%
Orioles/Mariners/Reds*Arthur Rhodes
21.1%
A'sMike Norris
20.2%
YankeesBob Turley
14.7%
TigersJohn Hiller
14.7%
Braves/Giants/PhilliesSteve Bedrosian
13.8%
Mariners/Giants/IndiansMichael jackson
12.8%
Yankees/dodgersAl Downing
11.9%
Cardinals/White Sox/PiratesJose DeLeon
10.1%
Braves/GiantsDon McMahon
7.3%
TwinsDave Boswell
5.5%
Dodgers/CubsJim Brewer
5.5%
Giants/Red SoxBobby Bolin
4.6%
Twins/TigersJuan Berenguer
3.7%
OriolesTom Phoebus
3.7%
Dodgers/OriolesPete Richert
1.8%
RedsDon Gullett
0.9%

You're not logged in!

Compare scores with friends on all Sporcle quizzes.
OR
Log In

Show Comments

Extras

Top Quizzes Today


Score Distribution

Your Account Isn't Verified!

In order to create a playlist on Sporcle, you need to verify the email address you used during registration. Go to your Sporcle Settings to finish the process.

Report this User

Report this user for behavior that violates our Community Guidelines.

Details: